Dios y Golem, S. A: comentarios sobre ciertos puntos en que chocan Cibernética y Religión

Saved in:
Bibliografiske detaljer
Hovedforfatter: Wiener, Norbert (Author)
Format: Bog
Sprog:spansk
Udgivet: Cuernavaca Siglo Veintiuno Editores 1988
Udgivelse:4a. ed
Fag:
Tags: Tilføj Tag
Ingen Tags, Vær først til at tagge denne postø!

MARC

LEADER 00000cam a2200000 a 4500
001 UCF7708
003 CL-VaPUC
008 130704e19880000MX |||||||||||||||||spa|d
020 |a 9682314453 
082 0 4 |a 003.5  |b WIE  |2 21 
100 0 |a Wiener, Norbert  |e author  |9 569809 
245 1 0 |a Dios y Golem, S. A: comentarios sobre ciertos puntos en que chocan Cibernética y Religión 
250 |a 4a. ed 
300 |a 69 p 
942 |c BK 
945 |d 20130704 00:00:00  |a dcastane 
260 |a Cuernavaca  |b Siglo Veintiuno Editores  |c 1988 
650 0 |a Religión y ciencia  |9 314470 
650 0 |a Cibernética  |9 270269 
583 |a last modification  |c 20130704 11:43:00  |k Rodrigo Vera 
999 |c 352504  |d 352502 
952 |0 0  |1 0  |4 0  |6 003_500000000000000_WIE_1988  |7 0  |8 A  |9 457054  |a BIBART  |b BIBART  |d 2019-11-22  |i 4984838  |o 003.5 WIE 1988  |p 4984838  |r 2025-03-13  |w 2019-11-22  |y BK  |k ART